000 00834ntaaa2200205 4500
003 01
005 20251027203336.0
008 0714s1973 ag 01
040 _aAR-BaBN
_bspa
_cAR-BaBN
_eaacr
_dRIC
100 _aMozart, Wolfgang Amadeus
_d1756-1791
245 _aSinfonía en sol menor K. 550 ; Sinfonía en do mayor K. 551 "Júpiter" /
_cWolfgang Amadeus Mozart
260 _aBuenos Aires :
_bViscontea [distribuidor],
_cc1979
300 _a1 disco son. (56 min., 26 seg.) ;
_canalógico, 33 1/3 rpm, estereo ; 12 plg.
490 _aLos grandes músicos ;
_v21
500 _aOrquesta Mozarteum, Carlo Pantelli, director ; Süddeutsche Philharmonie, Alfred Scholz, director
500 _aFabricado por: CBS. Licencia de: Polyband
500 _aDuraciones: 28 min., 48 seg. ; 27 min., 38 seg.
650 _aMUSICA
942 _cBK
999 _c28939
_d28939